A kulturális örökségturizmus hatásai a helyi jóllétre Szeged városában

Bibliográfiai részletek
Szerző: Barabás Kata
További közreműködők: Schultz Dr. Éva
Dokumentumtípus: Diplomadolgozat
Kulcsszavak:jólét
kérdőíves felmérés
kulturális örökség
kultúra
Szeged
Online Access:http://dolgozattar.uni-bge.hu/59512

MARC

LEADER 00000nta a2200000 i 4500
001 dolg59512
005 20260409145151.0
008 260409suuuu hu om 000 hun d
040 |a BGE Dolgozattár Repozitórium  |b hun 
041 |a hu 
100 1 |a Barabás Kata 
245 1 2 |a A kulturális örökségturizmus hatásai a helyi jóllétre Szeged városában  |c Barabás Kata  |h [elektronikus dokumentum] 
520 3 |a A következő kutatási kérdéseket fogom megvizsgálni a dolgozatomban. Melyek azok a szegmensek, amelyek azonosulni tudnak a városban található kulturális örökségekkel kapcsolatos rendezvényekkel, programokkal? Amik nem, azok miért nem? Milyen véleménnyel van a város lakossága a kulturális örökségek fejlesztéseiről? Milyen hatással vannak Szeged kulturális örökségei a helyi lakosok életminőségére és közérzetére? Milyen szerepet játszanak a kulturális örökségek a közösségi összetartozás kialakításában Szegeden? Milyen fejlesztési lehetőségek lennének a kulturális örökségek jobb összekapcsolására Szeged mindennapi életében? A szakdolgozatom során primer kutatásként kérdőívet használtam, zárt nyitott, nyitott, valamint véleménynyilvánító kérdéseket használva. Melyben azt vizsgáltam, hogy milyen véleménnyel vannak a lakosok az örökségekről, a városképről, a mindennapi életük része-e a városban megtalálható kultúra. Kíváncsi voltam rá, mit gondolnak arról, hogy a városban megrendezésre kerülő események, mely generációnak szólnak, és melyek nem találnak számukra megfelelő programot. A dolgozatom főbb fejezeteiben megvizsgálom a kulturális örökségek elméleti megalapozást, amelyben írok a kultúráról, az örökségturizmus fogalmáról és az örökségmenedzsment feladatiról. Következőnek elemzem a turizmus hatásit, ahol írok a gazdasági, társadalmi-kulturális és a fizikai hatásokról. A kultúra ára fejezetben, írok az attrakciók értékeléséről és az elfogadott értékelési módokról. Majd a negyedik fejezetben a jóllét vizsgálata és mérése következik, itt meghatározom a jóllét fogalmát és ismertetem a méréseinek módjait. A Szeged kulturális örökségei fejezetben elkészítettem a város vonzerőleltárt, melyben összeszedtem a város legfontosabb örökségeit. Ismeretem a kutatás módszertanát és kérdésit és áttérek a primer kutatás eredményeinek ismertetésére, amelyet 7 különböző szakaszra bontottam, a kérdőív kérdéseinek témakörei alapján. Majd levonom a kutatás konklúzióját javaslatot teszek a kérdőíves kutatásban a kitöltők által ajánlottak alapján. Végezetül összegzem a szakdolgozat eredményit és további kutatási irányokat javaslok a téma nagyobb körű áttekintése érdekében. 
695 |a jólét 
695 |a kérdőíves felmérés 
695 |a kulturális örökség 
695 |a kultúra 
695 |a Szeged 
700 1 |a Schultz Dr. Éva  |e ths 
856 4 0 |u http://dolgozattar.uni-bge.hu/59512/1/Szakdolgozat_Barab%C3%A1s_Kata_I0HGK2_%20A_kultur%C3%A1lis_%C3%B6r%C3%B6ks%C3%A9gturizmus_hat%C3%A1sai_a_helyi_j%C3%B3ll%C3%A9tre_Szeged_v%C3%A1ros%C3%A1ban.pdf  |z Dokumentum-elérés 
856 4 0 |u http://dolgozattar.uni-bge.hu/59512/2/Barab%C3%A1s%20Kata_opponensi_Kubesch%20M%C3%A1ria.pdf  |z Dokumentum-elérés 
856 4 0 |u http://dolgozattar.uni-bge.hu/59512/3/Barab%C3%A1s%20Kata_konzulensi_Schultz%20%C3%89va.pdf  |z Dokumentum-elérés